| 000 | 00918nam a2200253 i 4500 | ||
|---|---|---|---|
| 001 | 124465 | ||
| 003 | ES-MaACL | ||
| 007 | t| | ||
| 008 | 070328s19261942sp ||||1| spa d | ||
| 080 | _a33(091) | ||
| 100 | 1 |
_aNeurath, Otto. _985456 |
|
| 245 | 1 | 0 |
_aHistoria de la economía / _cpor Otto Neurath y Heinrich Sieveking ; traducido de la 2ª edición alemana Manuel Sánchez Sarto. |
| 260 |
_aBarcelona : _bLabor, _c1926. |
||
| 300 |
_a2 v., lám., map. : _bil. ; _c17 cm. |
||
| 490 | 1 |
_aColección Labor ; _v64, 65, y 410, 411 |
|
| 505 | 8 | _aContiene: 1. Antigüedad y Edad Media.-- 2. Desde el siglo XVII hasta la actualidad | |
| 650 | 1 | 4 |
_aEconomía- _vHistoria. _912012 |
| 700 | 1 |
_aSievekin, Heinrich. _9106290 |
|
| 700 | 1 |
_aSánchez Sarto, Manuel. _9102931 |
|
| 830 | 0 | 0 |
_aColección Labor _v64, 65, y 410, 411 _9184254 |
| 852 |
_aES-MaACL _jE-2606 |
||
| 852 |
_aES-MaACL _jE-2873 |
||
| 999 |
_c124465 _d124465 |
||